| 000 | 00305 a2200121 4500 | ||
|---|---|---|---|
| 999 |
_c321871 _d321871 |
||
| 001 | 86798 | ||
| 003 | NUST | ||
| 005 | 20180123153708.0 | ||
| 008 | 180123b xxu||||| |||| 00| 0 eng d | ||
| 082 | _a297.3824 YOU | ||
| 100 |
_aHafiz Salah-ud-Din Yousaf _99633 |
||
| 245 |
_aHusn-ul-Muslim _hUrdu |
||
| 260 |
_aIslamabad _bDar-ul-Salam Publishers _c2012 |
||
| 300 | _a154p. | ||
| 942 |
_aCAE NUST _cBK _k297.3824 YOU _2ddc |
||